01926nam a2200313uu 4500001000800000005001700008008004100025035001200066040001300078041000800091080000900099100005200108245021800160260005100378300003000429500009600459505025000555650006900805650010100874650005500975650004201030650003901072650004201111700004801153787025801201942000901459999001901468952012501487149055720260508092417.0180410s2002 spa  a1490557 ccomduadb aspa aPROY10aPatiño Rivera, Martha Lucia4auteaut946955610aObjetos negros: contextualización del material etnográfico de las comunidades negras del Chocó Colombiano, existente en la Colección de Antropología del Museo Universitario de la Universidad de Antioquia aMedellín :bUniversidad de Antioquia,c2002. a68 hojas :bilustraciones aGENERAL : Proyecto presentado al Programa de incentivos a la investigación estudiantil. . aCONTENIDO : 1. Introducción. -- 2. Área de estudio. -- 3. Historia negra. -- 4. Los objetivos negros y el papel del museo. -- 5. ¿Artesanía o material etnográfico?. -- 6. Damagua, cabecinegro, iraca y madera. -- 7. Objetos que hablan. . aMuseo Universitario de la Universidad de Antioquia (MUUA)960168 aMuseo Universitario de la Universidad de Antioquia (MUUA). Colección de Antropología9179337 aComunidades negras - Pacífico colombiano9215212 aComunidades negras - Colombia9102008 aGrupos étnicos - Chocó9154733 aArtesanias - Choco (Colombia)916596910aOspina Toro, Ana Catalina4auteaut933973108iMaterial AcompañantetObjetos negros : contextualización del material etnográfico de las comunidades negras del Chocó Colombiano, existente en la Colección de Antropología del Museo Universitario de la Universidad de Antioquiad2002w1531442 cBOOK c774722d774722 001040708ANTROPaMUSEObMUSEOd2018-04-10iC1281893l0oPROY/044p01060073r2023-05-04 00:00:00t1w2023-05-04yBOOKI